Statistiken für Länderflaggen, die nur aus rot, weiß und blau bestehen

Klicken Sie hier um das Quiz zu spielen!

Allgemein

  • Dieses Quiz wurde 17.266 mal gespielt
  • Das Durchschnittsergebnis liegt bei 18 aus 22

Antwortstatistiken

Antwort% Korrekt
Australien
98%
Frankreich
98%
Vereinigte Staaten
98%
Norwegen
97%
Vereinigtes Königreich
97%
Niederlande
95%
Russland
95%
Island
93%
Neuseeland
93%
Tschechien
93%
Slowakei
90%
Chile
88%
Luxemburg
87%
Nordkorea
85%
Nepal
83%
Thailand
81%
Panama
79%
Kuba
78%
Taiwan
64%
Laos
62%
Liberia
49%
Samoa
41%

Verteilung der Resultate

Perzentil nach korrekt beantworteten Fragen

Anzahl Personen mit jedem Resultat

Ihre Resultats-Entwicklung

Sie haben dieses Quiz noch nicht gespielt